[Event "AUT-chT2M 0304"]
[Site "Austria"]
[Date "2003.11.09"]
[Round "2.4"]
[White "Sandner, Wolfgang"]
[Black "Baumgartner, Heinz"]
[Result "1/2-1/2"]
[WhiteElo "2245"]
[BlackElo "2347"]
[PlyCount "75"]
[EventDate "2003.11.08"]
[EventType "team-tourn"]
[EventRounds "11"]
[EventCountry "AUT"]
[SourceTitle "CBM 097 Extra"]
[Source "ChessBase"]
[SourceDate "2004.01.13"]
[SourceVersion "1"]
[SourceVersionDate "2004.01.13"]
[SourceQuality "1"]
[WhiteTeam "Leoben"]
[BlackTeam "Linz SK Voest"]
[WhiteTeamCountry "AUT"]
[BlackTeamCountry "AUT"]

1. e4 e5 2. Bc4 Nf6 3. d3 Nc6 4. Nf3 Be7 5. 0-0 0-0 6. Re1 d6 7. c3 Na5 8. Nbd2 Nxc4 9. dxc4 b6 10. Nf1 Be6 11. Qe2 a5 12. b4 axb4 13. cxb4 Ra4 14. a3 Qa8 15. Rb1 Qc6 16. N3d2 g6 17. Ne3 Bd8 18. Nd5 Nh5 19. Nf3 f6 20. Rb3 Qd7 21. Rd3 Ra8 22. Qd1 Qf7 23. Rc3 Kg7 24. Qd2 Kh8 25. Rd1 Rg8 26. c5 bxc5 27. bxc5 Bxd5 28. Qxd5 Qxd5 29. exd5 Be7 30. c6 Rgb8 31. g4 Ng7 32. Ne1 f5 33. h3 Ne8 34. gxf5 gxf5 35. Nc2 f4 36. Nb4 Bh4 37. Bb2 Nf6 38. Rc4 1/2-1/2

[Event "Ansfelden"]
[Site "Ansfelden"]
[Date "2003.09.18"]
[Round "7"]
[White "Baumgartner, Heinz"]
[Black "Roos, Michael"]
[Result "1/2-1/2"]
[WhiteElo "2347"]
[BlackElo "2412"]
[PlyCount "81"]
[EventDate "2003.09.12"]
[EventType "tourn"]
[EventRounds "9"]
[EventCountry "AUT"]
[EventCategory "7"]
[SourceTitle "CBM 096 Extra"]
[Source "ChessBase"]
[SourceDate "2003.10.22"]
[SourceVersion "2"]
[SourceVersionDate "2003.10.20"]
[SourceQuality "1"]

1. Nf3 g6 2. d4 Bg7 3. e3 c5 4. Be2 Nf6 5. 0-0 0-0 6. c4 cxd4 7. exd4 d5 8. Nc3 Nc6 9. Ne5 dxc4 10. Nxc6 bxc6 11. Bxc4 Qb6 12. Re1 Rd8 13. Qb3 Qxb3 14. axb3 Kf8 15. Bf4 Nd5 16. Be5 Bh6 17. Bxd5 cxd5 18. Ra5 Bf5 19. Rea1 f6 20. Bc7 Rd7 21. Rxa7 Rxa7 22. Rxa7 Kf7 23. b4 Bf4 24. Bb6 Bc1 25. Rxd7 Bxd7 26. Nxd5 Ke6 27. Nc3 Bxb2 28. Ne2 Kd5 29. Bd8 e5 30. dxe5 fxe5 31. f3 Bb5 32. Kf2 Bd4+ 33. Ke1 Kc4 34. Be7 Bc3+ 35. Nxc3 Kxc3 36. Bf6 Kxb4 37. Bxe5 Kc5 38. Kf2 Kd5 39. Bc3 Ke6 40. Ke3 Bf1 41. Ke4 1/2-1/2

[Event "Ansfelden"]
[Site "Ansfelden"]
[Date "2003.09.17"]
[Round "6"]
[White "Knoll, Hermann"]
[Black "Baumgartner, Heinz"]
[Result "1-0"]
[WhiteElo "2361"]
[BlackElo "2347"]
[PlyCount "59"]
[EventDate "2003.09.12"]
[EventType "tourn"]
[EventRounds "9"]
[EventCountry "AUT"]
[EventCategory "7"]
[SourceTitle "CBM 096 Extra"]
[Source "ChessBase"]
[SourceDate "2003.10.22"]
[SourceVersion "2"]
[SourceVersionDate "2003.10.20"]
[SourceQuality "1"]

1. e4 e5 2. Nf3 Nc6 3. d4 exd4 4. Nxd4 Nf6 5. Nxc6 bxc6 6. e5 Qe7 7. Qe2 Nd5 8. c4 Ba6 9. b3 0-0-0 10. g3 f6 11. Bg2 fxe5 12. 0-0 Re8 13. Bb2 Qf7 14. Qd2 Nb6 15. Qa5 Kb7 16. Na3 d5 17. Rfd1 e4 18. Rac1 Bxa3 19. cxd5 cxd5 20. Qxa3 Rhf8 21. Bd4 Qd7 22. Rc5 Bd3 23. Rdc1 Rf7 24. Qb4 Qd6 25. Qc3 Re6 26. a4 a6 27. a5 Nc8 28. Bh3 Rh6 29. Be5 d4 30. Qb4+ 1-0

[Event "Ansfelden"]
[Site "Ansfelden"]
[Date "2003.09.14"]
[Round "3"]
[White "Baumgartner, Heinz"]
[Black "Kilgus, Georg"]
[Result "1-0"]
[WhiteElo "2347"]
[BlackElo "2348"]
[PlyCount "95"]
[EventDate "2003.09.12"]
[EventType "tourn"]
[EventRounds "9"]
[EventCountry "AUT"]
[EventCategory "7"]
[SourceTitle "CBM 096 Extra"]
[Source "ChessBase"]
[SourceDate "2003.10.22"]
[SourceVersion "2"]
[SourceVersionDate "2003.10.20"]
[SourceQuality "1"]

1. Nf3 Nf6 2. g3 g6 3. Bg2 Bg7 4. 0-0 0-0 5. c4 c6 6. d4 d5 7. cxd5 cxd5 8. Nc3 Ne4 9. Qb3 Nc6 10. e3 Nxc3 11. bxc3 Na5 12. Qb4 b6 13. Nd2 Ba6 14. Re1 Rc8 15. e4 dxe4 16. Nxe4 Re8 17. Bf4 Rc4 18. Qa3 Qd7 19. Nc5 bxc5 20. Qxa5 Bc8 21. Bf1 Ra4 22. Qxc5 a6 23. Bg2 Bb7 24. Bxb7 Qxb7 25. Rab1 Qd7 26. Re2 e6 27. Qd6 Qc8 28. Rb3 Bf8 29. Qe5 Qc4 30. Rb7 Bg7 31. Qc7 e5 32. Bxe5 Qxc7 33. Rxc7 f6 34. f4 fxe5 35. fxe5 Ra5 36. Kf2 Rf8+ 37. Kg2 Rf7 38. Rc8+ Rf8 39. Rc6 Ra8 40. c4 Ra7 41. Kf3 Kf7 42. Ke4 Ke7 43. Rf2 Ra3 44. d5 Rc3 45. g4 Bh6 46. e6 Re3+ 47. Kd4 Kd8 48. g5 1-0

[Event "AUT-chT2M 0203"]
[Site "Austria"]
[Date "2003.03.22"]
[Round "10"]
[White "Baumgartner, Heinz"]
[Black "Dohr, Alexander"]
[Result "1-0"]
[WhiteElo "2381"]
[BlackElo "2161"]
[PlyCount "83"]
[EventDate "2002.10.11"]
[EventType "team-tourn"]
[EventRounds "11"]
[EventCountry "AUT"]
[SourceTitle "EXT 2004"]
[Source "ChessBase"]
[SourceDate "2003.11.25"]
[SourceVersion "1"]
[SourceVersionDate "2003.11.25"]
[SourceQuality "1"]

1. Nf3 e6 2. g3 f5 3. Bg2 Nf6 4. d4 Be7 5. 0-0 0-0 6. c4 d5 7. Nbd2 c6 8. Ne5 Bd7 9. Qb3 b5 10. cxb5 cxb5 11. Nxd7 Qxd7 12. Nf3 a6 13. Ne5 Qa7 14. Be3 Nfd7 15. Bxd5 exd5 16. Qxd5+ Kh8 17. Nf7+ Rxf7 18. Qxf7 Nf6 19. Rac1 Qd7 20. d5 h6 21. Bf4 Bd8 22. Qf8+ Kh7 23. Rfd1 a5 24. a3 Na6 25. Rc6 Ra7 26. Rd6 Qe7 27. Rxd8 Qxe2 28. Rf1 Re7 29. Ra8 Nc5 30. Qc8 Ncd7 31. d6 Re4 32. Qc1 Nd5 33. Qd1 Qc4 34. Qh5 Rxf4 35. gxf4 Qxf4 36. Qe2 Qg5+ 37. Kh1 Nf4 38. Qf3 Ne5 39. Qg3 Ng4 40. h4 Qh5 41. Qxf4 Qxh4+ 42. Kg1 1-0

[Event "EU-chT Seniors 05th"]
[Site "Dresden"]
[Date "2003.02.26"]
[Round "4.1"]
[White "Braun, Gottfried"]
[Black "Baumgartner, Heinz"]
[Result "1/2-1/2"]
[WhiteElo "2251"]
[BlackElo "2381"]
[PlyCount "37"]
[EventDate "2003.02.23"]
[EventType "team-swiss"]
[EventRounds "7"]
[EventCountry "GER"]
[SourceTitle "EXT 2005"]
[Source "ChessBase"]
[SourceDate "2004.11.15"]
[SourceVersion "1"]
[SourceVersionDate "2004.11.15"]
[SourceQuality "1"]

1. e4 d5 2. exd5 Qxd5 3. Nc3 Qa5 4. Bc4 c6 5. d3 Nf6 6. Nge2 e5 7. 0-0 Be7 8. Ng3 0-0 9. Qe2 Re8 10. Bd2 Qc7 11. Rae1 Nbd7 12. Kh1 Bf8 13. Nh5 b5 14. Bb3 Nxh5 15. Qxh5 Nf6 16. Qh4 Be6 17. Bxe6 Rxe6 18. f4 b4 19. Ne4 1/2-1/2

[Event "Wch Seniors 13th"]
[Site "Bad Zwischenahn"]
[Date "2003.??.??"]
[Round "?"]
[White "Baumgartner, Heinz"]
[Black "Villing, Dieter"]
[Result "1-0"]
[WhiteElo "2347"]
[BlackElo "2170"]
[PlyCount "67"]
[EventDate "2003.11.16"]
[EventType "swiss"]
[EventRounds "11"]
[EventCountry "GER"]
[SourceTitle "CBM 097 Extra"]
[Source "ChessBase"]
[SourceDate "2004.01.13"]
[SourceVersion "1"]
[SourceVersionDate "2004.01.13"]
[SourceQuality "1"]

1. Nf3 d6 2. d4 Nd7 3. c4 e5 4. Nc3 Ngf6 5. e4 Be7 6. g3 c6 7. Bg2 Qc7 8. 0-0 Nf8 9. Nh4 Ne6 10. Nf5 exd4 11. Nxd4 Nxd4 12. Qxd4 0-0 13. Bf4 Ne8 14. Rfd1 Bg4 15. Rd2 Bf6 16. Qd3 Qa5 17. Rc1 Bg5 18. b4 Qa3 19. Rb1 Bxf4 20. gxf4 a5 21. b5 a4 22. bxc6 bxc6 23. e5 dxe5 24. fxe5 Nc7 25. Bxc6 Ra6 26. Be4 Rh6 27. Nd5 Qc5 28. Qd4 Qa5 29. Ne7+ Kh8 30. Qd8 Re8 31. Bc6 Rxc6 32. Nxc6 Qc5 33. Rb8 h5 34. Qxc7 1-0